ბათუმის შოთა რუსთაველის სახელმწიფო უნივერსიტეტის ბიბლიოთეკა

Определитель высших растении европейской части СССР (ბიბ.ჩანაწერი № 46417)

000 -LEADER
fixed length control field 00612nam a2200193Ia 4500
001 - CONTROL NUMBER
control field 13253
003 - CONTROL NUMBER IDENTIFIER
control field GE_BSU
008 - FIXED-LENGTH DATA ELEMENTS--GENERAL INFORMATION
fixed length control field 181216s||||||||xx |||||||||||||| ||und||
040 ## - CATALOGING SOURCE
Transcribing agency GE_BSU
080 ## - UNIVERSAL DECIMAL CLASSIFICATION NUMBER
Universal Decimal Classification number 586(08)
100 ## - MAIN ENTRY--PERSONAL NAME
Personal name Талиев,В.И.
245 ## - TITLE STATEMENT
Title Определитель высших растении европейской части СССР
260 ## - PUBLICATION, DISTRIBUTION, ETC.
Place of publication, distribution, etc. Москва
260 ## - PUBLICATION, DISTRIBUTION, ETC.
Name of publisher, distributor, etc. Огиз-сельхозгиз
260 ## - PUBLICATION, DISTRIBUTION, ETC.
Date of publication, distribution, etc. 1941
300 ## - PHYSICAL DESCRIPTION
Extent 647стр.илл.27см.
653 ## - INDEX TERM--UNCONTROLLED
Uncontrolled term Определитель высших растении европейской части СССР
942 ## - ADDED ENTRY ELEMENTS (KOHA)
Koha item type წიგნი
ეგზემპლარები
Withdrawn status Lost status Damaged status Not for loan Date acquired Barcode Date last seen Price effective from Koha item type
        2018-12-17 20800 2018-12-17 2018-12-17 წიგნი